Všeobecné technické podmienky stavebných prác časti 01 Betonárske práce : 02 Betonárske práce na stavbe studní : 03 Betonárske práce na stavbe stôk : 04 Betonárske práce pre zabezpečovacie práce na vodných tokoch : 05 Betonárske práce na údržbe a oprave betónových konštrukcií VTP 11 Betonárske práce

Bibliographic Details
Format: Book
Language:Slovak
PhysicalDescription:52 s. 29 cm
Published: Bratislava ÚEOS - Komercia [2009]
ISBN:9788088765707 (brož.)
Edition:[1. vyd.]
Series:Verejné obstarávanie
Subjects:

MARC

LEADER 00000nam a2200000 a 4500
001 vtls009528931
003 SK-MaSNL
005 20260301171331.0
008 251029s2009 xo f 000 0 slo
015 |a SNBI2009/04-01430 
020 |a 9788088765707 (brož.) 
035 |a 2BC95506-B2AE-40A8-974A-DD817EEE57AD 
035 |a urn:nbn:sk:snk-amjw4u 
035 |a urn:nbn:sk:snk-am007z2e 
040 |a SNK  |b slo  |c SNK  |e AACR2 
041 0 |a slo 
044 |a xo  |c SK 
072 7 |a 69  |x Stavebníctvo  |2 konspekt 
072 7 |a 347.7  |x Obchodné právo. Finančné právo. Právo priemyselného vlastníctva. Patentové právo. Autorské právo  |2 konspekt 
080 |a 69.05  |2 2001 
080 |a 693.5  |2 2001 
080 |a 347.7  |2 2001 
080 |a (094.5)  |2 2001 
080 |a (035)  |2 2001 
245 0 0 |a Všeobecné technické podmienky stavebných prác  |b časti 01 Betonárske práce : 02 Betonárske práce na stavbe studní : 03 Betonárske práce na stavbe stôk : 04 Betonárske práce pre zabezpečovacie práce na vodných tokoch : 05 Betonárske práce na údržbe a oprave betónových konštrukcií  |n VTP 11  |p Betonárske práce 
246 3 0 |a Betonárske práce 
250 |a [1. vyd.] 
260 |a Bratislava  |b ÚEOS - Komercia  |c [2009] 
300 |a 52 s.  |c 29 cm 
490 1 |a Verejné obstarávanie  |v č. 4 
500 |a Názov z obalu 
504 |a Bibliogr. s. 49-51 
650 0 7 |a stavebné práce  |2 SNKPH  |9 68050 
650 0 7 |a betonárske práce  |2 SNKPH  |9 86909 
650 0 7 |a verejné obstarávanie  |2 SNKPH  |9 4221 
650 0 7 |a Building work  |2 SNKPHeng  |9 316364 
650 0 7 |a Concreting  |2 SNKPHeng  |9 375984 
655 7 |a právne predpisy  |2 SNKPH  |9 70481 
655 7 |a príručky  |2 SNKPH  |9 74364 
655 7 |a Legal regulations  |2 SNKPHeng  |9 266958 
655 7 |a Handbooks, manuals, etc.  |2 SNKPHeng  |9 90964 
830 0 |a Verejné obstarávanie  |9 316365 
919 |a 978-80-88765-70-7 
999 |c 830508  |d 832438 
952 |a SNK  |b SNK  |y PREZ  |7 0  |p 17A0624359  |o snkSB 77907/4  |i snk2009/11486  |8 0  |0 0  |1 0  |4 0  |d 2009-06-23  |f 1  |l 0  |r 2025-04-28 00:00:00  |w 2026-02-24 
952 |a SNK  |b SNK  |y VYP  |7 0  |p 17A0624360  |o snkSB 77907/4 D1  |i snk2009/11488  |8 0  |0 0  |1 0  |4 0  |d 2009-06-23  |l 0  |r 2016-06-30 00:00:00  |w 2026-02-24